LDR 01211nam a2200301 i 4500 001 000000181074 003 CaOOAMICUS 005 20090817000000.0 008 090817s1947 it u000 u ita u 013 $a158875 040 $aSeMil$bita 100 0 $aGregorius I,$c
.$0(OLS)http://semarc/name/465 245 13$aLe lettere :$b[dal n. 272 al n. 599] /$cS. Gregorio Magno. 260 $aSiena :$bCantagalli,$c1947. 300 $a1 v. (paginazione varia) ;$c19 cm. 490 0 $aI classici cristiani 500 $aTrattasi di fascicoli rilegati insieme. 650 4$aGregorio : Magno
- Lettere.$0(OLS)http://semarc/subject/3432 830 2$aI classici cristiani.$0(OLS)http://semarc/title/386 850 $aSeMil 852 $aSeMil$W1$xVenegono$y1$m2S I 421$j131822$B131822$CSeMilBibl$Z2$F143637 $81 900 0 $aGregorio : Magno$c
. 900 0 $aGregorio I$c
. 961 $aOmaggio: Altro 996 $6245$aLe lettere :$b[dal n. 272 al n. 599]$9(OLS)http://semarc/title/260018 996 $6260$aSiena :$bCantagalli$9(OLS)http://semarc/publisher/29767